000 00762nam a2200241Ia 4500
003 OSt
005 20220923221837.0
006 a|||||r|||| 00| 0
007 ta
008 220922b |||||||| |||| 00| 0 hin d
024 _a200,418
037 _cTextual
040 _aARTS
_cARTS
_bhin
041 _2hin
_ahin
082 _aQ7, 152L7
100 _aसांकृत्यायन, राहुल
245 0 _aइस्लाम धर्म की रुपरेखा
246 _aIslām dharma kī ruparekhā
260 _aइलाहाबाद
_b किताब महल
_c1977
300 _a123पृ.
_ccm.
942 _hQ7, 152L7
_cTEXL
_2CC
999 _c352090
_d352090